| 000 | 00636nam a22002177a 4500 | ||
|---|---|---|---|
| 999 |
_c2653 _d2653 |
||
| 003 | AR-CdUCM | ||
| 008 | 190305b ||||| |||| 00| 0 spa d | ||
| 020 | _a84-320-8235-X | ||
| 040 |
_aMUNICIPALIDAD PROVINCIAL DEL CUSCO _cBIBLIOTECA MUNICIPAL DEL CUSCO |
||
| 082 |
_a858.9 / _bM86 |
||
| 100 |
_aMorante, Elsa _99327 |
||
| 245 | _aLa isla de Arturo / | ||
| 260 |
_aEspaña : _bBruguera, _c1984. |
||
| 300 |
_a287 páginas ; _c19 cm. |
||
| 440 |
_aBestsellers planeta _n33 _99328 |
||
| 650 |
_aNovelas italianas _99329 |
||
| 650 |
_aSiglo XX _98 |
||
| 700 |
_aGuasta, Eugenio (traductor) _99330 |
||
| 942 |
_2ddc _cLIBROS |
||
| 945 | _aafb | ||